| 000 | 01937cam a22004574i 4500 | ||
|---|---|---|---|
| 003 | PE-LiUPU | ||
| 005 | 20250731175628.0 | ||
| 008 | 150616s r 000 0 d | ||
| 020 | _a9589047416 | ||
| 035 | _a(Sirsi) i9789589047415 | ||
| 040 |
_aPE-LiUPU _bspa _cPE-LiUPU _erda |
||
| 049 | _aPRUA | ||
| 082 | 0 | 4 |
_b _221 |
| 100 | 1 |
_aOviedo A., Tito Nelson, _eautor. |
|
| 245 | 1 | 0 | _aHacia una base semántico-comunicativa para la gramática. |
| 264 | 1 |
_aCali, Colombia : _bUniversidad del Valle, _c1992. |
|
| 300 |
_a184 páginas ; _c23 centímetros |
||
| 336 |
_atext _2rdacontent |
||
| 337 |
_aunmediated _2rdamedia |
||
| 338 |
_avolume _2rdacarrier |
||
| 490 | 0 | _aColección de edición previa. Serie investigaciones | |
| 504 | _aIncluye bibliografía. | ||
| 505 | 0 | _aCategorías de la relación evenimencial y existencial -- Causa y efecto -- Relaciones existenciales -- Núcleos de significación -- Procesos fonomorfosintácticos. | |
| 526 | _aP145 | ||
| 526 | _aP127 | ||
| 526 | _aP97 | ||
| 526 | _aP35 | ||
| 526 | _aP14 | ||
| 526 | _aP07 | ||
| 650 | 0 | 4 |
_aGRAMATICA _xSEMANTICA _vTEORIA DE LA INFORMACION. |
| 910 |
_ajck _bjvq _cjck |
||
| 942 |
_2ddc _cBOOK |
||
| 949 |
_a415 O93 _wDEWEY _c1 _i35753 _lCCODEBUL1 _mBUL _r0 _sY _tBOOK _u2015-4-23 _xEDUCACION _zUNKNOWN _0COMPRA _o.STAFF. Colección General |
||
| 949 |
_a415 O93 _wDEWEY _c2 _i35752 _lCCODEBUL1 _mBUL _r0 _sY _tBOOK _u2015-6-16 _xEDUCACION _PP20 _0COMPRA _o.STAFF. Colección General |
||
| 994 |
_aC0 _bPEPRU |
||
| 596 | _a1 | ||
| 999 |
_a415 O93 _wDEWEY _c33271 _i35753 _f2021-11-9 _g5 _lCCODEBUL1 _mBUL _r0 _sY _tBOOK _u2015-4-23 _xEDUCACION _zUNKNOWN _0COMPRA _o.STAFF. Colección General _d33271 |
||
| 999 |
_a415 O93 _wDEWEY _c2 _i35752 _f2019-12-10 _g4 _lDISCARD _mBUL _r1 _sY _tBOOK _u2015-6-16 _xEDUCACION _PP20 _0COMPRA _o.STAFF. Colección General |
||
| 980 |
_81 _gALBERTO SANCHEZ Responsable de Automatización |
||